Podnikatel a životní prostředí Právní limity podnikání z hlediska ochrany životního prostředí

Salvato in:
Dettagli Bibliografici
Autore principale: Hessová, Zdenka
Altri autori: Štruplová, Eva
Natura: Libro
Lingua:ceco
Pubblicazione: Praha C.H. Beck 1994
Edizione:1. vyd.
Soggetti:
Tags: Aggiungi Tag
Nessun Tag, puoi essere il primo ad aggiungerne!!

MARC

LEADER 00000nam a2200000 4500
001 c006163
005 20221214074643.9
020 |a 80-7049-088-8 
041 0 |a cze 
044 |a CZ 
245 1 0 |a Podnikatel a životní prostředí  |b Právní limity podnikání z hlediska ochrany životního prostředí  |c Zdenka Hessová, Eva Štruplová 
250 |a 1. vyd. 
264 1 |a Praha  |b C.H. Beck  |c 1994 
300 |a 238 s. 
610 2 0 |a podnikanie 
610 2 0 |a prostredie životné 
610 2 0 |a právo 
610 2 0 |a ochrana prostredia životného 
610 2 0 |a predpisy právne 
610 2 0 |a limity 
610 2 0 |a zákony 
100 1 |a Hessová, Zdenka 
700 1 |a Štruplová, Eva